| 000 | 00000nam##2200000za#4500 |
| 001 | 9.578024 |
| 003 | CaOODSP |
| 005 | 20210624185906 |
| 007 | cr ||||||||||| |
| 008 | 150406|1984||||xxc|||||o f|0| 0 eng|d |
| 022 | |a1488-5387 |
| 040 | |aCaOODSP|beng |
| 043 | |an-cn--- |
| 086 | 1 |aFs97-4/1788E-PDF |
| 110 | 1 |aCanada. |bDepartment of Fisheries and Oceans. |
| 245 | 10|aObservations on habitat selection and partitioning by brook charr, Salvelinus fontinalis (Mitchill), in the South Duck River, a Manitoba woodland stream / |h[electronic resource]|cby E. Scherer, R.E. McNicol and E.J. Murkin. |
| 260 | |aWinnipeg - Manitoba : |bFisheries and Oceans Canada |cNovember 1984. |
| 300 | |a12p.|bfigs., maps, references, tables |
| 490 | 1 |aCanadian manuscript report of fisheries and aquatic sciences|x1488-5387|vNo. 1788 |
| 500 | |a"This is the 50th Manuscript Report from the Winnipeg Region, Winnipeg"--p.1 of 12. The catalogue number (Fs97-4/1788E) and ISSN (0706-6473) for the print edition have been incorrectly copied in this electronic publication. |
| 546 | |a(Résumé en français) |
| 590 | |a13-27-Supp|b2013-11-15 |
| 690 | 07|aFreshwater fish|2gcpds |
| 720 | 1 |aScherer, E. |
| 720 | 1 |aMcNicol, R. E. |
| 720 | 1 |aMurkin, E. J. |
| 830 | #0|aCanadian manuscript report of fisheries and aquatic sciences,|x1488-5387|vNo. 1788|w(CaOODSP)9.505211 |
| 856 | 40|ahttp://publications.gc.ca|qPDF|s422 KB|uhttps://publications.gc.ca/collections/collection_2013/mpo-dfo/Fs97-4-1788-eng.pdf|yNo. 1788 |